<?xml version="1.0" encoding="UTF-8"?>
<record
    xmlns:xsi="http://www.w3.org/2001/XMLSchema-instance"
    xsi:schemaLocation="http://www.loc.gov/MARC21/slim http://www.loc.gov/standards/marcxml/schema/MARC21slim.xsd"
    xmlns="http://www.loc.gov/MARC21/slim">

  <leader>02036nam a22002537a 4500</leader>
  <controlfield tag="003">OSt</controlfield>
  <controlfield tag="005">20200304062524.0</controlfield>
  <controlfield tag="008">180302b        xxu||||| |||| 00| 0 spa d</controlfield>
  <datafield tag="020" ind1=" " ind2=" ">
    <subfield code="a">9505081804</subfield>
  </datafield>
  <datafield tag="040" ind1=" " ind2=" ">
    <subfield code="c">PJ</subfield>
  </datafield>
  <datafield tag="245" ind1="1" ind2="0">
    <subfield code="a">Recursos en el proceso civil y comercial :</subfield>
    <subfield code="b">ordinarios y extraordinarios /</subfield>
    <subfield code="c">Jos&#xE9; Levit&#xE1;n; pr&#xF3;logo de Jos&#xE9; M. Martocci.</subfield>
  </datafield>
  <datafield tag="260" ind1=" " ind2=" ">
    <subfield code="a">Buenos Aires : </subfield>
    <subfield code="b">Astrea,</subfield>
    <subfield code="c">1986.</subfield>
  </datafield>
  <datafield tag="300" ind1=" " ind2=" ">
    <subfield code="a">398 p.</subfield>
    <subfield code="c">25 cm.</subfield>
  </datafield>
  <datafield tag="504" ind1=" " ind2=" ">
    <subfield code="a">Bibliograf&#xED;a: p. 395-398.</subfield>
  </datafield>
  <datafield tag="505" ind1=" " ind2=" ">
    <subfield code="a">Contenido:
Recursos ordinarios y extraordinarios en el C&#xF3;digo Procesal Civil y Comercial de la Provincia de Buenos Aires -- Recurso de aclaratoria -- Recurso de reposici&#xF3;n o revocatoria -- Recurso de apelaci&#xF3;n -- Procedimiento en segunda instancia -- Queja por recurso denegado -- Los recursos extraordinarios en la Provincia de Buenos Aires -- Recurso de nulidad extraordinario -- Recurso extraordinario de inconstitucionalidad -- Fallos plenarios en la Provincia de Buenos Aires -- Recurso de revisi&#xF3;n o acci&#xF3;n aut&#xF3;noma de revocatoria o nulidad de sentencia -- Recurso extraordinario Nacional, desde la Provincia de Buenos Aires -- Recursos ordinarios y extraordinarios en el C&#xF3;digo Procesal Civil y Comercial de la Naci&#xF3;n -- Recurso de aclaratoria -- Recurso de reposici&#xF3;n -- Recurso de apelaci&#xF3;n -- Recurso de apelaci&#xF3;n ordinaria ante la Corte Suprema -- Apelaci&#xF3;n extraordinaria ante la Corte Suprema -- Procedimiento ordinario en segunda instancia -- Procedimiento ante la Corte Suprema -- Queja por recurso denegado -- Recurso de inaplicabilidad de la ley -- Recurso de revisi&#xF3;n en el orden Nacional -- Fallos plenarios en la justicia Nacional.</subfield>
  </datafield>
  <datafield tag="650" ind1=" " ind2="0">
    <subfield code="9">267</subfield>
    <subfield code="a">DERECHO PROCESAL</subfield>
  </datafield>
  <datafield tag="650" ind1=" " ind2="0">
    <subfield code="9">1955</subfield>
    <subfield code="a">RECURSOS</subfield>
  </datafield>
  <datafield tag="650" ind1=" " ind2="0">
    <subfield code="9">2044</subfield>
    <subfield code="a">RECURSO EXTRAORDINARIO</subfield>
  </datafield>
  <datafield tag="650" ind1=" " ind2="0">
    <subfield code="9">1192</subfield>
    <subfield code="a">RECURSO DE INCONSTITUCIONALIDAD</subfield>
  </datafield>
  <datafield tag="650" ind1=" " ind2="0">
    <subfield code="9">2046</subfield>
    <subfield code="a">RECURSO ORDINARIO DE APELACI&#xD3;N ANTE LA CORTE SUPREMA</subfield>
  </datafield>
  <datafield tag="650" ind1=" " ind2="0">
    <subfield code="a">JURISPRUDENCIA APLICABLE</subfield>
    <subfield code="9">1057</subfield>
  </datafield>
  <datafield tag="700" ind1=" " ind2=" ">
    <subfield code="9">2045</subfield>
    <subfield code="a">Martocci, Jos&#xE9; M. </subfield>
    <subfield code="e">prologuista</subfield>
  </datafield>
  <datafield tag="942" ind1=" " ind2=" ">
    <subfield code="2">udc</subfield>
    <subfield code="c">LIB</subfield>
    <subfield code="h">342.955</subfield>
    <subfield code="i">LEV</subfield>
  </datafield>
  <datafield tag="999" ind1=" " ind2=" ">
    <subfield code="c">1362</subfield>
    <subfield code="d">1362</subfield>
  </datafield>
  <datafield tag="952" ind1=" " ind2=" ">
    <subfield code="0">0</subfield>
    <subfield code="1">0</subfield>
    <subfield code="2">udc</subfield>
    <subfield code="4">0</subfield>
    <subfield code="7">0</subfield>
    <subfield code="a">DJS</subfield>
    <subfield code="b">DJS</subfield>
    <subfield code="d">2018-09-05</subfield>
    <subfield code="o">347.955 LEV</subfield>
    <subfield code="p">0534</subfield>
    <subfield code="r">2018-09-05</subfield>
    <subfield code="w">2018-09-05</subfield>
    <subfield code="y">LIB</subfield>
  </datafield>
</record>
